Представление документа в формате RUSMARC

ПолеНазваниеЗначение
  Тип записи a
  Библиографический уровень m
001 Контрольный номер RU/SLIB/B/208786779
005 Дата корректировки 20201206204404.0
010 Индекс ISBN __
a ISBN 5-238-00608-X
d Цена 120-01
021 № государственной регистрации __
b № документа 2004-24685
b № документа 1252
100 Данные общей обработки __
a Данные общей обработки 19040602d2004 |||y0rusy0189 ca
101 Язык документа __
a Язык текста rus
c Язык оригинала rus
102 Страна публикации __
a Страна публикации RU
105 Кодированные данные (монография) __
a Кодированные данные (монография) a |||||||zy
200 Заглавие и сведения об ответственности 1_
a Заглавие Финансы организаций (предприятий)
e Сведения, относящиеся к заглавию учеб. для студентов вузов по экон. спец.
f Первые сведения об ответственности [Колчина Нина Васильевна и др.] ; под ред. проф. Н. В. Колчиной
b Общее обозначение материала Текст
205 Сведения об издании __
a Основные сведения об издании 3-е изд., перераб. и доп.
210 Выходные данные __
a Место издания М.
c Издательство ЮНИТИ
d Дата издания 2005
215 Физическое описание __
a Объем 368 с.
c Иллюстрации/тип воспроизводства ил.
320 Библиография __
a Библиография Библиогр. в подстроч. примеч.
330 Аннотация __
a Аннотация Формирование основного и оборотного капитала, инвестиционная политика организации, особенности организации финансов в организациях различных форм хозяйствования.
606 Тематические рубрики __
a Основная рубрика Экономика
606 Тематические рубрики __
a Основная рубрика Финансы предприятия
610 Ключевые слова __
a Ключевые слова финансы; доходы предприятия; расходы; прибыль предприятия; прибыль; налогообложение; капитал; основной капитал; оборотный капитал; инвестиции; инвестиционная деятельность; управление финансами; финансовые риски; денежные расчеты; предприятия
686 Индексы других классификаций __
a Классификационный индекс 65.291.9я73
701 Альтернативная интеллектуальная ответственность _1
a Фамилия Колчина
b Имя Н. В.
g Полное личное имя Нина Васильевна
4 Код отношения 070
4 Код отношения 340
701 Альтернативная интеллектуальная ответственность _1
a Фамилия Поляк
b Имя Г. Б.
g Полное личное имя Георгий Борисович
4 Код отношения 070
701 Альтернативная интеллектуальная ответственность _1
a Фамилия Бурмистрова
b Имя Л. М.
g Полное личное имя Людмила Михайловна
4 Код отношения 070
701 Альтернативная интеллектуальная ответственность _1
a Фамилия Пантелеев
b Имя А. П.
4 Код отношения 070
701 Альтернативная интеллектуальная ответственность _1
a Фамилия Вафина
b Имя Л. А.
4 Код отношения 070
801 Источник записи _0
a Страна RU
b Организация Муниципальное бюджетное учреждение культуры "Централизованная библиотечная система" г. Сургут (Центральная городская библиотека им. А. С. Пушкина)
c Дата составления 20040602
g Правила каталогизации КиК/Елгина
801 Источник записи _1
a Страна RU
b Организация Муниципальное бюджетное учреждение культуры "Централизованная библиотечная система" г. Сургут (Центральная городская библиотека им. А. С. Пушкина)
c Дата составления 20040602
g Правила каталогизации КиК/Елгина
852 Данные о местонахождении __
j Шифр хранения 65.291.9я73
c Каталожный индекс 65.290-93я73
i Авторский знак Ф 59
901 Тип документа __
t Тип документа m
903 Характеристики (МАРС) __
a Дата передачи 20060413
969 Тип издания __
a Тип издания учебник
990 Данные о заказе (DOS) __
j Количество экземпляров (DOS) 1
t N записи в КСУ для И/У (DOS) 200604